000 00407nam a2200181Ia 4500
008 230524s9999 xx 000 0 und d
020 _a8122401252
082 _a539.7
_bROY
100 _aR.R.Roy
245 0 _aNuclear Physics
250 _a1ST
260 _aCHENNAI
_bNew Age
_c2004
300 _aXII;591
500 _aQuantity Number: 7
650 _aPhysics
700 _a B.P.Nigam
942 _cBK
999 _c17857
_d17857